[Event "DM Kandidatklassen 2025"]
[Site "Svendborg"]
[Date "2025.04.18"]
[Round "4"]
[White "Ostergreen Johansen, Benjamin"]
[Black "Derlich, Sarah Sima"]
[Result "1-0"]
[WhiteElo "2031"]
[BlackElo "2002"]
[WhiteFideId "1476742"]
[BlackFideId "1469290"]
[EventDate "2025.04.15"]
[EventType "swiss"]
[EventRounds "7"]
[EventCountry "DEN"]
[SourceTitle "Live v. Kasper Jerwiarz"]

1. e4 c5 2. Nf3 d6 3. d4 cxd4 4. Nxd4 Nf6 5. Nc3 a6 6. Be3 e5 7. Nf3 Be7 8. Bc4 O-O 9. O-O Be6 10. Bxe6 fxe6 11. Na4 Ng4 12. Qd3 Nxe3 13. Qxe3 b5 14. Nb6 Ra7 15. Nd5 Rb7 16. Nxe7+ Qxe7 17. c3 Nd7 18. Rfd1 Nc5 19. Ne1 Qf6 20. f3 Rd8 21. Rd2 Na4 22. Rad1 Nb6 23. b3 d5 24. Nc2 Rc8 25. Nb4 a5 26. Nd3 d4 27. cxd4 exd4 28. Qf4 Qxf4 29. Nxf4 e5 30. Nd3 Re7 31. Re2 g5 32. g3 Rf8 33. Rf1 Nd7 34. Rc2 Kf7 35. Rc7 Nb8 36. Nxe5+ Ke6 37. Rxe7+ Kxe7 38. Nd3 Rc8 39. Rc1 Rc3 40. Rd1 Nc6 41. Rd2 Kd6 42. f4 g4 43. Kg2 a4 44. bxa4 bxa4 45. h3 gxh3+ 46. Kxh3 Na5 47. Nb2 Kc5 48. Nxa4+ Kc4 49. Nxc3 dxc3 50. Rf2 Kd3 51. f5 Nc4 52. f6 Nd2 53. f7 c2 54. Rxd2+ 1-0

[Event "DM Kandidatklassen 2025"]
[Site "Svendborg"]
[Date "2025.04.19"]
[Round "5"]
[White "Medhus, Vitus Bondo"]
[Black "Ramsdal, Jens Albert"]
[Result "1-0"]
[WhiteElo "2329"]
[BlackElo "2342"]
[WhiteFideId "1462547"]
[BlackFideId "1429221"]
[EventDate "2025.04.15"]
[EventType "swiss"]
[EventRounds "7"]
[EventCountry "DEN"]
[SourceTitle "Live v. Kasper Jerwiarz"]

1. e4 e5 2. Nf3 Nc6 3. Bb5 a6 4. Ba4 b5 5. Bb3 Na5 6. Nxe5 Nxb3 7. axb3 Qg5 8. Nf3 Qxg2 9. Rg1 Qh3 10. Nc3 Bb7 11. Rg3 Qe6 12. d3 g6 13. Nd4 Qe5 14. Be3 Nf6 15. f4 Qh5 16. Qd2 Be7 17. Qg2 O-O-O 18. Rh3 Qg4 19. Rg3 Qh5 20. Rh3 Qg4 21. Rg3 Qh4 22. O-O-O Nh5 23. Nd5 Bxd5 24. exd5 Bd6 25. Rg4 Qe7 26. Qd2 f5 27. Rg3 Nxg3 28. hxg3 Rde8 29. Bf2 Bb4 30. c3 Bc5 31. c4 Qf6 32. Nf3 Bxf2 33. Qxf2 Kb7 34. Ne5 Re7 35. d4 Rhe8 36. c5 d6 37. c6+ Kc8 38. Qd2 Kd8 39. Qa5 Rg7 40. Qxa6 dxe5 41. dxe5 Rxe5 42. fxe5 Qxe5 43. Qa5 b4 44. Kb1 Qe2 45. Rc1 Qe5 46. Ka2 Ke8 47. Qxb4 Kf7 48. Re1 Qd6 49. Qxd6 cxd6 50. b4 1-0

[Event "DM Kandidatklassen 2025"]
[Site "Svendborg"]
[Date "2025.04.19"]
[Round "5"]
[White "Hansen, Lars"]
[Black "Matthiesen, Martin"]
[Result "1/2-1/2"]
[WhiteElo "2188"]
[BlackElo "2304"]
[WhiteFideId "1402528"]
[BlackFideId "1404067"]
[EventDate "2025.04.15"]
[EventType "swiss"]
[EventRounds "7"]
[EventCountry "DEN"]
[SourceTitle "Live v. Kasper Jerwiarz"]

1. Nf3 d5 2. e3 Nf6 3. c4 e6 4. b3 Be7 5. Bb2 O-O 6. Nc3 dxc4 7. bxc4 c5 8. Be2 b6 9. O-O Bb7 10. Qc2 Nc6 11. Rfd1 Rc8 12. Rac1 Qc7 13. Qb1 Rfd8 14. Qa1 Qb8 15. d3 h6 16. h3 Rd7 17. Nb5 a6 18. Nc3 Nb4 19. a3 Nc6 20. Na4 1/2-1/2

[Event "DM Kandidatklassen 2025"]
[Site "Svendborg"]
[Date "2025.04.19"]
[Round "5"]
[White "Jalving, August"]
[Black "Rewitz, Poul"]
[Result "1-0"]
[WhiteElo "2142"]
[BlackElo "2262"]
[WhiteFideId "1471759"]
[BlackFideId "1401033"]
[EventDate "2025.04.15"]
[EventType "swiss"]
[EventRounds "7"]
[EventCountry "DEN"]
[SourceTitle "Live v. Kasper Jerwiarz"]

1. e4 c6 2. Nc3 d5 3. Nf3 dxe4 4. Nxe4 Nf6 5. Qe2 Nxe4 6. Qxe4 Qd5 7. Qh4 Qe6+ 8. Be2 Qg4 9. Qg3 Qxg3 10. hxg3 Nd7 11. d4 Nf6 12. Ne5 g6 13. Bc4 Nd5 14. Bb3 Bg7 15. Bh6 Bxh6 16. Rxh6 Kf8 17. O-O-O Kg7 18. Rhh1 Be6 19. Rhe1 Rhd8 20. Nd3 b6 21. Bxd5 Bxd5 22. Rxe7 Bxg2 23. Ne5 Rf8 24. Rc7 a5 25. Nxc6 Rac8 26. Rxc8 Rxc8 27. Ne5 f6 28. Nd3 g5 29. c3 h5 30. Kd2 Rh8 31. Rg1 Bd5 32. b3 b5 33. a4 Bxb3 34. axb5 Rb8 35. Nc5 Bd5 36. Kd3 Rxb5 37. c4 Rxc5 38. dxc5 Bc6 39. Ke3 a4 40. Rd1 h4 41. gxh4 gxh4 42. Kf4 Kf7 43. Kg4 Ke7 44. Kxh4 Bf3 45. Rd6 Be4 46. Ra6 Bc2 47. Kg3 f5 48. Kf4 Kd7 49. Ke3 1-0

[Event "DM Kandidatklassen 2025"]
[Site "Svendborg"]
[Date "2025.04.19"]
[Round "5"]
[White "Le Besq, Alexander"]
[Black "Pirtac, Alexandru"]
[Result "1-0"]
[WhiteElo "2256"]
[BlackElo "2078"]
[WhiteFideId "1437089"]
[BlackFideId "13912143"]
[EventDate "2025.04.15"]
[EventType "swiss"]
[EventRounds "7"]
[EventCountry "DEN"]
[SourceTitle "Live v. Kasper Jerwiarz"]

1. e4 c5 2. Nf3 e6 3. d4 cxd4 4. Nxd4 Nf6 5. Nc3 Nc6 6. Ndb5 Bc5 7. Nd6+ Ke7 8. Bf4 e5 9. Nf5+ Kf8 10. Bg5 d6 11. Bc4 h6 12. Bxf6 Qxf6 13. Ne3 Be6 14. Bxe6 Qxe6 15. Ncd5 Rc8 16. c3 b5 17. O-O g6 18. Qd3 a6 19. a4 Rb8 20. axb5 axb5 21. b4 Bxe3 22. fxe3 Kg7 23. Nc7 Qd7 24. Nxb5 Rhd8 25. Rad1 d5 26. Qxd5 Qxd5 27. Rxd5 Rxd5 28. exd5 Nxb4 29. cxb4 Rxb5 30. Rb1 Rxd5 31. b5 Rd7 32. b6 Rb7 33. Kf2 Kf6 34. Ke2 Ke6 35. Kd3 Kd5 36. Rb5+ Kc6 37. Kc4 Rxb6 38. Rxb6+ Kxb6 39. Kd5 e4 40. Kxe4 Kc6 41. Ke5 Kd7 42. Kf6 Ke8 43. g4 Kf8 44. h4 Kg8 45. e4 g5 46. h5 Kf8 47. e5 Kg8 48. e6 fxe6 49. Kxe6 Kg7 50. Ke7 Kg8 51. Kf6 Kf8 52. Kg6 Ke7 53. Kxh6 Kf6 54. Kh7 Kf7 55. h6 Ke6 56. Kg6 1-0

[Event "DM Kandidatklassen 2025"]
[Site "Svendborg"]
[Date "2025.04.19"]
[Round "5"]
[White "Laursen, Christopher Hofman"]
[Black "Sandmann, Villads Majvang"]
[Result "1-0"]
[WhiteElo "2248"]
[BlackElo "2291"]
[WhiteFideId "1405233"]
[BlackFideId "1472313"]
[EventDate "2025.04.15"]
[EventType "swiss"]
[EventRounds "7"]
[EventCountry "DEN"]
[SourceTitle "Live v. Kasper Jerwiarz"]

1. Nf3 d5 2. b3 c5 3. e3 Nf6 4. Bb2 Nc6 5. Bb5 Bd7 6. O-O e6 7. c4 dxc4 8. bxc4 Be7 9. d4 cxd4 10. exd4 a6 11. Bxc6 Bxc6 12. Ne5 Rc8 13. Qb3 O-O 14. Nc3 Qc7 15. Rfe1 Bd6 16. Rac1 Bxe5 17. dxe5 Nd7 18. Ba3 Nxe5 19. Bxf8 Ng4 20. g3 Rxf8 21. Nd5 Qd6 22. Qb4 Qxb4 23. Nxb4 Ba4 24. c5 Rc8 25. Nxa6 bxa6 26. Re4 Bc6 27. Rxg4 f6 28. Rd4 Kf7 29. Rd6 Ke7 30. f4 Bb5 31. Kf2 Bc6 32. Ke3 Rc7 33. Kd4 Rc8 34. Rb1 Bb5 35. Rb4 Rc7 36. a4 Bf1 37. Rb2 h5 38. Rf2 1-0

[Event "DM Kandidatklassen 2025"]
[Site "Svendborg"]
[Date "2025.04.19"]
[Round "5"]
[White "Haarh, Simon Bjork"]
[Black "Durrfeld, Sofie Bech"]
[Result "0-1"]
[WhiteElo "2192"]
[BlackElo "1989"]
[WhiteFideId "1470515"]
[BlackFideId "1451324"]
[EventDate "2025.04.15"]
[EventType "swiss"]
[EventRounds "7"]
[EventCountry "DEN"]
[SourceTitle "Live v. Kasper Jerwiarz"]

1. e4 c6 2. d4 d5 3. Nc3 dxe4 4. Nxe4 Nd7 5. Bc4 Ngf6 6. Ng5 e6 7. N1f3 h6 8. Nxf7 Kxf7 9. O-O Bd6 10. Re1 Nb6 11. Bd3 Nbd5 12. Ne5+ Kg8 13. c4 Nb4 14. Bg6 Bxe5 15. Rxe5 c5 16. Rxc5 b6 17. Rb5 Nc6 18. Qf3 Nxd4 19. Qd3 Bb7 20. Qe3 Ng4 21. Qe1 Qd6 22. Rh5 Qc6 23. f3 e5 24. Be4 Qc5 25. Kh1 Bxe4 26. fxg4 Qc6 27. Qg3 Ne2 28. Qf2 Rf8 0-1

[Event "DM Kandidatklassen 2025"]
[Site "Svendborg"]
[Date "2025.04.19"]
[Round "5"]
[White "Iskos, Lukas"]
[Black "Andersen, Thomas Klitgaard"]
[Result "0-1"]
[WhiteElo "2008"]
[BlackElo "2196"]
[WhiteFideId "1461613"]
[BlackFideId "1408267"]
[EventDate "2025.04.15"]
[EventType "swiss"]
[EventRounds "7"]
[EventCountry "DEN"]
[SourceTitle "Live v. Kasper Jerwiarz"]

1. d4 e6 2. Nf3 Nf6 3. Bf4 c5 4. e3 b6 5. Nbd2 cxd4 6. exd4 Be7 7. Bd3 Ba6 8. c4 O-O 9. Qa4 Bb7 10. Rc1 d6 11. O-O Nbd7 12. Rfe1 d5 13. Ne5 dxc4 14. Ndxc4 Nxe5 15. Nxe5 a6 16. Nc6 Bxc6 17. Rxc6 b5 18. Qd1 Qd5 19. Rc7 Bb4 20. Re3 Bd6 21. Bxd6 Qxd6 22. Rc2 Rfd8 23. Rd2 g6 24. Be2 Rac8 25. Bf3 Rc4 26. Red3 Nd5 27. Bxd5 Qxd5 28. b3 Rc7 29. h3 h5 30. Rc2 Rcd7 31. Qe1 Qf5 32. Rcd2 Rd5 33. Qe3 e5 34. f4 Qxf4 35. Qxf4 exf4 36. Kf2 g5 37. Kf3 Kg7 38. Ke4 f5+ 39. Kf3 h4 40. Ke2 b4 41. Kf3 Kf6 42. Rd1 Rc8 43. R1d2 Ke6 44. Rd1 Rc2 45. R1d2 Rxd2 46. Rxd2 Rd7 47. Re2+ Kf6 48. Rc2 Rxd4 49. Rc6+ Ke5 50. Rxa6 Rd3+ 51. Ke2 Rg3 52. Kf2 f3 53. gxf3 Rxh3 54. a4 g4 55. fxg4 fxg4 56. Rh6 Kf4 57. a5 Rh2+ 58. Kg1 Ra2 59. Kf1 h3 0-1

[Event "DM Kandidatklassen 2025"]
[Site "Svendborg"]
[Date "2025.04.19"]
[Round "5"]
[White "Thogersen, Rasmus"]
[Black "Laza, Szabolcs"]
[Result "1-0"]
[WhiteElo "2302"]
[BlackElo "2203"]
[WhiteFideId "1431412"]
[BlackFideId "741345"]
[EventDate "2025.04.15"]
[EventType "swiss"]
[EventRounds "7"]
[EventCountry "DEN"]
[SourceTitle "Live v. Kasper Jerwiarz"]

1. e4 c5 2. Nf3 d6 3. d4 cxd4 4. Nxd4 Nf6 5. Nc3 Nc6 6. Bg5 e6 7. Qd2 a6 8. O-O-O h6 9. Nxc6 bxc6 10. Bf4 d5 11. Qe3 Qa5 12. Be2 dxe4 13. Kb1 Nd5 14. Qxe4 Qxc3 15. Be5 Qc5 16. Bd4 Qa5 17. c4 Ne7 18. Ka1 Bb7 19. Bc3 Qc7 20. Bh5 Qc8 21. Rhe1 Rg8 22. Qh7 g6 23. Bg4 g5 24. Rxe6 Qc7 25. Qxg8 Qxh2 26. Rxe7+ Kxe7 27. Rd7+ 1-0

[Event "DM Kandidatklassen 2025"]
[Site "Svendborg"]
[Date "2025.04.19"]
[Round "5"]
[White "Hansen, Soren Bech"]
[Black "Abildlund, Jens"]
[Result "1-0"]
[WhiteElo "2268"]
[BlackElo "2196"]
[WhiteFideId "1400681"]
[BlackFideId "1403001"]
[EventDate "2025.04.15"]
[EventType "swiss"]
[EventRounds "7"]
[EventCountry "DEN"]
[SourceTitle "Live v. Kasper Jerwiarz"]

1. e4 d6 2. d4 e5 3. Nf3 exd4 4. Nxd4 Nf6 5. Nc3 Be7 6. Be3 O-O 7. Qd2 c5 8. Nde2 Nc6 9. f3 a6 10. Nf4 Re8 11. Be2 Bf8 12. O-O b5 13. Rad1 Bb7 14. Kh1 Ne5 15. Rfe1 Rc8 16. Bf1 h6 17. Ncd5 Nh7 18. Qf2 Rc6 19. Nd3 Ng6 20. c3 Bc8 21. b4 c4 22. N3f4 Ne5 23. Bb6 Qd7 24. Qg3 Kh8 25. Bd4 Qd8 26. Qf2 Kg8 27. a4 Bd7 28. Ra1 f5 29. exf5 Bxf5 30. axb5 axb5 31. Ra5 g5 32. Nh5 Bg6 33. Ng3 Nf6 34. Rxb5 Nxd5 35. Rxd5 Bg7 36. Ne4 Nd3 37. Bxd3 cxd3 38. Bxg7 Kxg7 39. Qd4+ Kf7 40. Qxd3 Qf6 41. Rf1 Ke7 42. Nxf6 Bxd3 43. Re1+ Kxf6 44. Rxe8 1-0

[Event "DM Kandidatklassen 2025"]
[Site "Svendborg"]
[Date "2025.04.19"]
[Round "5"]
[White "Loftgaard, Mikkel Vinh"]
[Black "Veiergang, Oscar Jacob"]
[Result "1-0"]
[WhiteElo "2230"]
[BlackElo "2156"]
[WhiteFideId "1468480"]
[BlackFideId "1470183"]
[EventDate "2025.04.15"]
[EventType "swiss"]
[EventRounds "7"]
[EventCountry "DEN"]
[SourceTitle "Live v. Kasper Jerwiarz"]

1. e4 e5 2. Nf3 Nc6 3. d4 exd4 4. Nxd4 Nf6 5. Nc3 Bb4 6. Nxc6 bxc6 7. Bd3 d5 8. exd5 O-O 9. O-O cxd5 10. Bg5 Be7 11. Re1 Be6 12. Qf3 h6 13. Bh4 Qd7 14. a3 c6 15. Na4 Rab8 16. b4 a5 17. Nc5 Bxc5 18. bxc5 Ne4 19. Bxe4 dxe4 20. Qxe4 Qd5 21. Qe3 Qc4 22. Bg3 Rb2 23. c3 Rd8 24. Bd6 Rc2 25. Rec1 Re2 26. Qg3 Qg4 27. Qxg4 Bxg4 28. Rcb1 Ra8 29. Rb6 Bd7 30. a4 f6 31. h3 Rc2 32. Ra3 Kf7 33. Rb7 Rc1+ 34. Kh2 Ke6 35. c4 Re1 36. f4 1-0

[Event "DM Kandidatklassen 2025"]
[Site "Svendborg"]
[Date "2025.04.19"]
[Round "5"]
[White "Stovring, Claus"]
[Black "Jarlskov, Daniel Tuk Hartso"]
[Result "0-1"]
[WhiteElo "2038"]
[BlackElo "2184"]
[WhiteFideId "1406914"]
[BlackFideId "1463896"]
[EventDate "2025.04.15"]
[EventType "swiss"]
[EventRounds "7"]
[EventCountry "DEN"]
[SourceTitle "Live v. Kasper Jerwiarz"]

1. e4 c6 2. d3 d5 3. Nd2 e5 4. Ngf3 Bd6 5. g3 Bg4 6. Bg2 Nf6 7. h3 Bh5 8. O-O Nbd7 9. b3 O-O 10. Bb2 Qc7 11. Re1 Rfe8 12. g4 Bg6 13. Nh4 d4 14. Ndf3 Nf8 15. Nf5 Bb4 16. Rf1 Ne6 17. a3 Bf8 18. Bc1 b5 19. Bd2 c5 20. a4 a6 21. N3h4 Rac8 22. axb5 axb5 23. Ra6 c4 24. Ba5 Qd7 25. bxc4 bxc4 26. Qb1 cxd3 27. cxd3 Rb8 28. Rb6 Qa7 29. Rb5 Nd7 30. Bd2 Qa6 31. Rxb8 Rxb8 32. Qc2 Ndc5 33. Qc4 Qa3 34. Bc1 Qxd3 35. Qd5 f6 36. f4 Rd8 37. Qa2 exf4 38. Bxf4 Bf7 39. Qa5 Nxe4 40. Bc7 Rc8 41. Bb6 g6 42. Rf3 Qb1+ 43. Rf1 Rc1 44. Nxd4 Nxd4 45. Bxd4 Bc4 46. Qa8 Rxf1+ 47. Bxf1 Qxf1+ 48. Kh2 Qf4+ 49. Kg1 Qc1+ 0-1

[Event "DM Kandidatklassen 2025"]
[Site "Svendborg"]
[Date "2025.04.19"]
[Round "5"]
[White "Jorgensen, Brian Jorgen"]
[Black "Petersen, Steen Brustrup"]
[Result "1-0"]
[WhiteElo "2180"]
[BlackElo "2106"]
[WhiteFideId "1401548"]
[BlackFideId "1402706"]
[EventDate "2025.04.15"]
[EventType "swiss"]
[EventRounds "7"]
[EventCountry "DEN"]
[SourceTitle "Live v. Kasper Jerwiarz"]

1. d4 Nf6 2. c4 e6 3. Nf3 b6 4. g3 Bb7 5. Bg2 Be7 6. O-O O-O 7. Re1 c5 8. d5 exd5 9. Nh4 g6 10. cxd5 d6 11. Nc3 Na6 12. e4 Nd7 13. Nf3 Bf6 14. Be3 Nc7 15. a4 a6 16. Bf1 Re8 17. Nd2 Bg7 18. Nc4 Bf8 19. Bf4 Qf6 20. Bh3 Ne5 21. Nxb6 Rad8 22. a5 Bg7 23. Ra3 h5 24. Bg2 Nb5 25. Nxb5 axb5 26. a6 Ba8 27. Ra5 b4 28. b3 Qe7 29. Bxe5 Bxe5 30. Ra2 Bd4 31. Ree2 Kg7 32. Bf1 h4 33. Bg2 hxg3 34. hxg3 Rh8 35. Red2 Qe5 36. Kf1 Rh2 37. Nc4 Qf6 38. Kg1 Rh7 39. Qf3 Qe7 40. Rd3 Rdh8 41. Rxd4 cxd4 42. Qd3 f6 43. Qxd4 Qd7 44. Qb6 f5 45. e5 dxe5 46. Nxe5 Qe8 47. Re2 g5 48. Qxb4 Qe6 49. Qd4 Qxa6 50. Nc6+ Kf7 51. Re7+ Kg8 52. Re8+ Kf7 53. Rxh8 Rxh8 54. Qxh8 Qa1+ 55. Qxa1 1-0

[Event "DM Kandidatklassen 2025"]
[Site "Svendborg"]
[Date "2025.04.19"]
[Round "5"]
[White "Wahlgreen, Noah Krug"]
[Black "Saugmann, Frederik Chabert"]
[Result "0-1"]
[WhiteElo "2076"]
[BlackElo "2133"]
[WhiteFideId "1457349"]
[BlackFideId "1476122"]
[EventDate "2025.04.15"]
[EventType "swiss"]
[EventRounds "7"]
[EventCountry "DEN"]
[SourceTitle "Live v. Kasper Jerwiarz"]

1. e4 e5 2. Nf3 Nc6 3. Bb5 Nf6 4. O-O Be7 5. Re1 d6 6. c3 Bd7 7. d4 O-O 8. d5 Nb8 9. Bd3 a5 10. h3 c6 11. c4 b5 12. dxc6 bxc4 13. Bxc4 Bxc6 14. Nc3 Nbd7 15. Bg5 Ne8 16. Be3 Nb6 17. Bb3 Nf6 18. a3 Qb8 19. Qd3 Qb7 20. Bxb6 Qxb6 21. Nd5 Bxd5 22. Bxd5 Rac8 23. Bc4 Rc5 24. Rab1 Rfc8 25. b3 Bf8 26. Nd2 Rd8 27. b4 axb4 28. axb4 Rcc8 29. Qb3 Rc7 30. Rec1 Qd4 31. Nf3 Qxe4 32. Bxf7+ Rxf7 33. Ng5 Qd5 34. Nxf7 Kxf7 35. Rc7+ Ke6 36. Qc2 Qe4 37. Qa2+ Qd5 38. Qc2 Rb8 39. Ra7 Qe4 40. Qa2+ Qd5 41. Qc2 Qe4 42. Qb3+ d5 43. Ra6+ Kf7 44. b5 Bc5 45. b6 Qe2 46. Ra2 Bxf2+ 47. Kh1 Qe3 48. Qc2 Qe4 49. Qc7+ Kg6 50. Rf1 Rxb6 51. Rfxf2 Rb1+ 52. Kh2 Qe1 53. Qc2+ Ne4 54. Qc6+ Kg5 55. Rf5+ Kxf5 56. Qd7+ Kg6 57. Qe8+ Kh6 58. Ra6+ Nf6 59. Rxf6+ gxf6 60. Qf8+ Kg5 61. Qg7+ Kf4 62. Qxf6+ Ke4 63. h4 Qg1+ 0-1

[Event "DM Kandidatklassen 2025"]
[Site "Svendborg"]
[Date "2025.04.19"]
[Round "5"]
[White "Jensen, Thore Nyboe"]
[Black "Yildiz, Hasan"]
[Result "1-0"]
[WhiteElo "2084"]
[BlackElo "1974"]
[WhiteFideId "1405349"]
[BlackFideId "1435086"]
[EventDate "2025.04.15"]
[EventType "swiss"]
[EventRounds "7"]
[EventCountry "DEN"]
[SourceTitle "Live v. Kasper Jerwiarz"]

1. e4 d6 2. d4 Nf6 3. Nc3 g6 4. Bg5 Bg7 5. e5 Nfd7 6. exd6 cxd6 7. Qd2 Nc6 8. Nf3 O-O 9. O-O-O Nf6 10. h3 a6 11. Kb1 b5 12. Bh6 b4 13. Bxg7 Kxg7 14. Ne2 Ne4 15. Qe3 d5 16. g4 Qb6 17. Rg1 a5 18. Nd2 f5 19. Bg2 Ba6 20. Nf4 Nxd4 21. Nxd5 Nc3+ 22. bxc3 Qd6 23. cxd4 e6 24. Nf4 Rae8 25. Nd3 Kg8 26. Nc5 Bb5 27. g5 a4 28. Qe5 Qb6 29. h4 b3 30. axb3 a3 31. Ka2 Qa5 32. Nb1 1-0

[Event "DM Kandidatklassen 2025"]
[Site "Svendborg"]
[Date "2025.04.19"]
[Round "5"]
[White "Thuesen, Mogens Henrik"]
[Black "Ostergreen Johansen, Benjamin"]
[Result "0-1"]
[WhiteElo "2205"]
[BlackElo "2031"]
[WhiteFideId "1400878"]
[BlackFideId "1476742"]
[EventDate "2025.04.15"]
[EventType "swiss"]
[EventRounds "7"]
[EventCountry "DEN"]
[SourceTitle "Live v. Kasper Jerwiarz"]

1. e4 e5 2. Nf3 Nc6 3. Bc4 Nf6 4. Ng5 d5 5. exd5 Na5 6. Bb5+ Bd7 7. Qe2 Be7 8. Bxd7+ Qxd7 9. O-O Nxd5 10. d3 Nc6 11. Nf3 f6 12. Nc3 O-O-O 13. Nxd5 Qxd5 14. Be3 g5 15. Rfd1 g4 16. Ne1 Qe6 17. c4 f5 18. Nc2 Qg6 19. Bd2 f4 20. Bc3 Qh5 21. b4 Rd6 22. Qe4 Rh6 23. Kf1 Qxh2 24. Qf5+ Kb8 25. Qxg4 f3 26. gxf3 Rg6 27. Qe4 Bh4 28. Qe3 Rg1+ 29. Ke2 Bxf2 30. Qxf2 Rg2 31. Rf1 Nd4+ 32. Nxd4 exd4 33. Bxd4 Re8+ 34. Kd2 Qf4+ 35. Kc3 Rxf2 36. Rxf2 Rd8 37. Bg7 Qg5 0-1

[Event "DM Kandidatklassen 2025"]
[Site "Svendborg"]
[Date "2025.04.19"]
[Round "5"]
[White "Slavensky, Asbjorn Vesterkaer"]
[Black "Sorensen, Reto Utiger"]
[Result "1-0"]
[WhiteElo "2079"]
[BlackElo "2104"]
[WhiteFideId "1470094"]
[BlackFideId "1426664"]
[EventDate "2025.04.15"]
[EventType "swiss"]
[EventRounds "7"]
[EventCountry "DEN"]
[SourceTitle "Live v. Kasper Jerwiarz"]

1. d4 Nf6 2. c4 g6 3. Nc3 Bg7 4. e4 d6 5. f3 O-O 6. Be3 a6 7. Qd2 Nc6 8. h4 e5 9. d5 Nd4 10. Nge2 c5 11. dxc6 bxc6 12. Nxd4 exd4 13. Bxd4 d5 14. h5 dxe4 15. h6 Bh8 16. O-O-O exf3 17. Qf4 Qe7 18. gxf3 Bf5 19. c5 Qe6 20. Bg2 Rad8 21. Qh4 Nh5 22. Rhe1 Qc4 23. Bf6 Rxd1+ 24. Rxd1 Nf4 25. Bf1 Qb4 26. Rd4 Qxc5 27. Bxh8 Ne6 28. Qf6 Re8 29. Bc4 Qxd4 30. Qxd4 Nxd4 31. Bxd4 Be6 32. Bxa6 Ra8 33. Bb7 Rd8 34. Bf6 Rd6 35. Be5 Rd3 36. Bxc6 f5 37. Kc2 Rd8 38. b4 Kf7 39. a4 Bc4 40. b5 Ke6 41. Bf4 Rg8 42. b6 1-0

[Event "DM Kandidatklassen 2025"]
[Site "Svendborg"]
[Date "2025.04.19"]
[Round "5"]
[White "Derlich, Sarah Sima"]
[Black "Hansen, Per"]
[Result "0-1"]
[WhiteElo "2002"]
[BlackElo "2089"]
[WhiteFideId "1469290"]
[BlackFideId "1407520"]
[EventDate "2025.04.15"]
[EventType "swiss"]
[EventRounds "7"]
[EventCountry "DEN"]
[SourceTitle "Live v. Kasper Jerwiarz"]

1. e4 d6 2. d4 Nf6 3. Nc3 Nbd7 4. Nf3 e5 5. Rg1 h6 6. g4 c6 7. h4 exd4 8. Qxd4 Qb6 9. g5 Ne5 10. Qd1 Nfg4 11. Rg2 hxg5 12. Nxe5 Nxe5 13. Rxg5 Rxh4 14. Bg2 Bg4 15. Qd2 f6 16. Na4 Qa6 17. Nc3 fxg5 18. Qxg5 Rh2 0-1

[Event "DM Kandidatklassen 2025"]
[Site "Svendborg"]
[Date "2025.04.20"]
[Round "6"]
[White "Medhus, Vitus Bondo"]
[Black "Jalving, August"]
[Result "1/2-1/2"]
[WhiteElo "2329"]
[BlackElo "2142"]
[WhiteFideId "1462547"]
[BlackFideId "1471759"]
[EventDate "2025.04.15"]
[EventType "swiss"]
[EventRounds "7"]
[EventCountry "DEN"]
[SourceTitle "Live v. Kasper Jerwiarz"]

1. e4 e5 2. Nc3 Nf6 3. Bc4 Nc6 4. d3 Bc5 5. Nf3 d6 6. O-O h6 7. Na4 O-O 8. Nxc5 dxc5 9. Bb5 Nd4 10. Nxd4 cxd4 11. f4 exf4 12. Bxf4 Be6 13. Qf3 Kh7 14. Be5 Ng4 15. Bf4 g5 16. Bc4 gxf4 17. Bxe6 fxe6 18. Qxg4 e5 19. Rf3 Qg5 20. Qd7+ Kh8 21. Raf1 Rg8 22. R1f2 Rg7 23. Qe6 Rag8 24. Kf1 Rg6 25. Qd7 Qh5 26. Qh3 Qxh3 27. Rxh3 Rb6 28. b3 Rc6 29. g3 fxg3 30. hxg3 Rg5 31. Kg2 1/2-1/2

[Event "DM Kandidatklassen 2025"]
[Site "Svendborg"]
[Date "2025.04.20"]
[Round "6"]
[White "Ramsdal, Jens Albert"]
[Black "Hansen, Lars"]
[Result "1/2-1/2"]
[WhiteElo "2342"]
[BlackElo "2188"]
[WhiteFideId "1429221"]
[BlackFideId "1402528"]
[EventDate "2025.04.15"]
[EventType "swiss"]
[EventRounds "7"]
[EventCountry "DEN"]
[SourceTitle "Live v. Kasper Jerwiarz"]

1. e4 c5 2. Nf3 g6 3. d4 cxd4 4. Nxd4 Nc6 5. c4 Nf6 6. Nc3 d6 7. Nc2 Bg7 8. Be2 O-O 9. O-O a6 10. Be3 Bd7 11. f3 Rc8 12. Rc1 Ne5 13. Na3 Be6 14. b3 Qa5 15. Na4 Ned7 16. Nb1 Qh5 17. Nbc3 Bh6 18. Qd2 Bxe3+ 19. Qxe3 Qa5 20. f4 Nc5 21. f5 Bd7 22. e5 dxe5 23. fxg6 hxg6 24. b4 Qxb4 25. Rxf6 Nxa4 26. Nd5 Qc5 27. Qxc5 Rxc5 28. Nxe7+ Kg7 29. Rd6 Be6 1/2-1/2

[Event "DM Kandidatklassen 2025"]
[Site "Svendborg"]
[Date "2025.04.20"]
[Round "6"]
[White "Matthiesen, Martin"]
[Black "Laursen, Christopher Hofman"]
[Result "1-0"]
[WhiteElo "2304"]
[BlackElo "2248"]
[WhiteFideId "1404067"]
[BlackFideId "1405233"]
[EventDate "2025.04.15"]
[EventType "swiss"]
[EventRounds "7"]
[EventCountry "DEN"]
[SourceTitle "Live v. Kasper Jerwiarz"]

1. d4 d5 2. c4 c6 3. cxd5 cxd5 4. Nc3 Nc6 5. Bf4 e6 6. e3 Bd6 7. Bxd6 Qxd6 8. Bd3 Nf6 9. f4 h6 10. Nf3 g5 11. Qd2 Bd7 12. Nb5 Qb8 13. fxg5 Ne4 14. Qe2 hxg5 15. Bxe4 dxe4 16. Nxg5 f5 17. Qc4 a6 18. Nc3 Rxh2 19. O-O-O Qg3 20. Rxh2 Qxh2 21. Nxe6 Rc8 22. Nf4 Ne7 23. Qb4 Qg3 24. Kb1 a5 25. Qxa5 Qxe3 26. Qe5 Qg3 27. Rh1 1-0

[Event "DM Kandidatklassen 2025"]
[Site "Svendborg"]
[Date "2025.04.20"]
[Round "6"]
[White "Durrfeld, Sofie Bech"]
[Black "Le Besq, Alexander"]
[Result "0-1"]
[WhiteElo "1989"]
[BlackElo "2256"]
[WhiteFideId "1451324"]
[BlackFideId "1437089"]
[EventDate "2025.04.15"]
[EventType "swiss"]
[EventRounds "7"]
[EventCountry "DEN"]
[SourceTitle "Live v. Kasper Jerwiarz"]

1. e4 e5 2. Nf3 Nc6 3. d4 exd4 4. Nxd4 Bc5 5. Be3 Qf6 6. c3 d6 7. b4 Bb6 8. Be2 Nge7 9. O-O Nxd4 10. cxd4 d5 11. Nc3 dxe4 12. Nxe4 Qg6 13. Nc5 O-O 14. Bh5 Qf5 15. h3 Nd5 16. Bg4 Qg6 17. Bh5 Nxe3 18. fxe3 Qg5 19. Qf3 f6 20. Ne4 Qh6 21. Ng3 g6 22. Bg4 Bxg4 23. hxg4 Rae8 24. Rae1 c6 25. Ne4 Bc7 26. Nxf6+ Rxf6 27. Qxf6 Qh2+ 28. Kf2 Rf8 29. Qxf8+ Kxf8 30. Ke2+ Kg8 31. Rf3 Qxg2+ 32. Rf2 Qxg4+ 33. Kd2 Qe6 34. Ref1 Qxa2+ 35. Kd3 Qb3+ 36. Ke4 Bd6 37. Rf6 Qd5+ 0-1